000 00739nam a22002531 4500
001 17284
003 BD-RjUL
005 20211209000121.0
008 140216r19481937enka 000 0 eng
035 _a(BD-RjUL)17342
035 _a(OCoLC)1535091
040 _aDLC
_cFM
_dBD-RjUL
_beng
041 _aeng
082 _a747
_bMII 1948
100 1 _aMiller, Duncan.
_953288
245 1 0 _aInterior decorating /
_cDuncan Miller.
260 _aNew York ; London :
_bThe Studio limited; The Studio publications, inc.,
_cc1937 [reprint 1948].
300 _a52 p. :
_billus. ;
_c25 cm.
490 0 _a"How to do it" series.
_v13
650 0 _aInterior decoration.
_944657
942 _2ddc
_cBK
999 _c17284
_d17284